00338nam a22001457a 4500003000400000005001700004008004100021020001500062040000700077082000800084100002000092245005200112260002000164300000800184OSt20211025083902.0211025b |||||||| |||| 00| 0 eng d a0205131018 chu a301 ageorge j.bryjak asociology;cultural diversity in achanging world ausabhallc1992 a480